Analýza chemických léčiv Důkaz chemických léčiv a léčivých přípravků

Bibliographic Details
Main Author: Tomášková, Věra (Author)
Format: Book
Language:Czech
PhysicalDescription:123 s., 8,85 AH Tb. Sch. 29 cm
Published: Bratislava Univerzita Komenského 1982
Edition:1. vyd.
Series:Vysokoškolské skriptá
Subjects:

MARC

LEADER 00000nam a2200000 a 4500
001 vtls001099634
003 SK-MaSNL
005 20260301231209.0
008 250414s1982 CS 0 cze
015 |a SNBA1982/11 
035 |a SNK000042476 
040 |a SNK  |b slo  |c SNK  |e AACR2 
041 0 |a cze 
044 |a xo  |c SK 
080 |a 615.2.07(075.8)  |2 1981 
100 1 |a Tomášková, Věra  |4 aut  |9 279704 
245 1 0 |a Analýza chemických léčiv  |b Důkaz chemických léčiv a léčivých přípravků  |c Věra Tomášková 
250 |a 1. vyd. 
260 |a Bratislava  |b Univerzita Komenského  |c 1982  |e Bratislava  |f Polygrafické stredisko UK 
300 |a 123 s., 8,85 AH  |b Tb. Sch.  |c 29 cm 
366 |e 180 výtl. 
490 1 |a Vysokoškolské skriptá 
504 |a Obsahuje bibliografiu 
655 7 |a učebnice vysokých škôl  |2 SNKPH  |9 70191 
655 7 |a Textbooks (higher)  |2 SNKPHeng  |9 276436 
830 0 |a Vysokoškolské skriptá  |9 276440 
852 |a Slovenská národná knižnica 
958 |a OND 
958 |a CZ 
958 |a NB 
958 |a RM 
958 |a UV 
999 |c 957539  |d 959469 
952 |t P60, <04>, [BOOK], {604}  |a SNK  |b SNK  |y VYP  |7 0  |p 17A0127647  |o snkSB 34637 D1  |0 0  |1 0  |4 0  |d 1998-03-12  |l 0  |r 2004-12-31 00:00:00  |w 2026-02-24 
952 |a SNK  |b SNK  |y PREZ  |7 0  |p 17A0952946  |o snkSB 34637  |0 0  |1 0  |4 0  |d 2012-07-19  |f 1  |l 0  |r 2025-04-10 00:00:00  |w 2026-02-24